| 000 | 00925nam a2200229Ia 4500 | ||
|---|---|---|---|
| 999 |
_c39845 _d39845 |
||
| 001 | 6450 | ||
| 003 | GE_BSU | ||
| 005 | 20191011120040.0 | ||
| 008 | 181216s1973||||g |||||||||||||| ||geo|| | ||
| 040 | _cGE_BSU | ||
| 041 | _ageo | ||
| 080 | _a821.353.1-31 ბ-50 | ||
| 100 |
_aბეჟანიშვილი, როსტომ. _94684 |
||
| 245 |
_aსამამულე რქა : _bრომანი / _cროსტომ ბეჟანიშვილი ; რედ. ნ. კანდელაკი. |
||
| 264 |
_aთბილისი : _bსაბჭ.საქართველო ; _c1973. |
||
| 300 |
_a448 გვ. ; _c22 სმ. |
||
| 600 |
_aკანდელაკი, ნ. _qრედაქტორი _94691 |
||
| 653 | _aსამამულე რქა | ||
| 653 | _aრომანი | ||
| 700 |
_aკანდელაკი, ნ. _eრედაქტორი _94692 |
||
| 942 |
_cBK _2udc |
||